000 00490nam a2200169 i 4500
001 94417
003 ES-MaACL
005 20250516063029.0
007 t|
008 050429s1905 sp ||||1| spa d
100 1 _aLorenzo, Anselmo,
_d1841-1914
_9240499
245 1 3 _aEl Patrimonio Universal
_b: conferencia sociológica /
_cAnselmo Lorenzo.
260 _aMahón :
_bEl Porvenir del Obrero,
_c1905.
300 _a31 p.
852 _aES-MaACL
_j1670-F-1
999 _c94417
_d94417